000 00691nam a22002057a 4500
999 _c10480
_d10480
008 180831b ||||| |||| 00| 0 eng d
020 _a9781119061755
082 _22017
_aDC 801.95
_bR952
100 _930761
_aRyan, Michael
245 _aLiterary theory:
_ba practical introduction/
_cMichael Ryan
250 _a3rd edition
260 _aUnited Kingdom:
_bJohn Wiley & Sons,
_cc2017.
300 _aviii, 294 pages;
_c23 cm.
500 _aInclude index.
650 0 _930763
_aCriticism
650 0 _930764
_aLiterature -- History and criticism -- Theory, etc.
650 0 _930765
_aLiterary critism -- Semiotics & Theory
650 0 _930766
_aLiterature -- Theory, etc.
942 _2ddc
_cDC